| 000 | 00846namaa22001931 4500 | ||
|---|---|---|---|
| 001 | 173789 | ||
| 003 | ES-MaACL | ||
| 005 | 20231228063257.0 | ||
| 008 | 100119s1841 sp |||| | spa d | ||
| 040 |
_aSpMaBN _bspa _cA2 |
||
| 100 | 1 |
_aGil y Zárate, Antonio, _d1793-1861 _956804 |
|
| 245 | 1 | 3 |
_a¡¡ Atras!! _b: comedia en un acto, arreglada al teatro español / _cpor Antonio Gil de Zarate. |
| 260 |
_aMadrid : _b[s.n.], _c1841 ( _fImp. de Yenes) |
||
| 300 |
_a23 p. ; _c18 cm. |
||
| 490 | 1 | _aDe la "Galeria dramatica de Manuel P. Delgado" | |
| 830 | 0 |
_aDe la "Galeria dramatica de Manuel P. Delgado" _9223604 |
|
| 852 |
_aES-MaACL _jB-8605(6) _z.- Enc. pasta española _q.- Falto de la cub. original _z.- Enc. en un vol. facticio formando parte de la col. facticia "Teatro español moderno", vol. 60 |
||
| 999 |
_c173789 _d173789 |
||